European health care reform : (Record no. 839)

000 -LEADER
fixed length control field 02735nam a22006137a 4500
001 - CONTROL NUMBER
control field 7467938
003 - CONTROL NUMBER IDENTIFIER
control field LIBRIS
005 - DATE AND TIME OF LATEST TRANSACTION
control field 20241031090709.0
008 - FIXED-LENGTH DATA ELEMENTS--GENERAL INFORMATION
fixed length control field 011211s1997 dk |||||||||||000 0|eng|c
020 ## - INTERNATIONAL STANDARD BOOK NUMBER
International Standard Book Number 9289013362
040 ## - CATALOGING SOURCE
Original cataloging agency eng
Language of cataloging eng
Transcribing agency DLC
Modifying agency eng
041 ## - LANGUAGE CODE
Language code of text/sound track or separate title eng
080 ## - UNIVERSAL DECIMAL CLASSIFICATION NUMBER
Universal Decimal Classification number 614
Item number S-17
084 ## - OTHER CLASSIFICATION NUMBER
Classification number Vp-a
Number source kssb/6
084 ## - OTHER CLASSIFICATION NUMBER
Classification number Vp-a
Number source kssb/6
084 ## - OTHER CLASSIFICATION NUMBER
Classification number Vp-a
Number source kssb/6
245 00 - TITLE STATEMENT
Title European health care reform :
Remainder of title analysis of current strategies /
Statement of responsibility, etc. / by: World Health Organization, Regional Office for Europe
260 ## - PUBLICATION, DISTRIBUTION, ETC.
Place of publication, distribution, etc. Copenhagen :
Name of publisher, distributor, etc. World Health Organization, Regional Office for Europe
Date of publication, distribution, etc. 1997
300 ## - PHYSICAL DESCRIPTION
Extent 308 p.
Other physical details ill.
490 1# - SERIES STATEMENT
Series statement WHO regional publications. European series,
International Standard Serial Number 0378-2255 ;
Volume/sequential designation 72
650 #2 - SUBJECT ADDED ENTRY--TOPICAL TERM
Topical term or geographic name entry element Delivery of health care: trends
650 #0 - SUBJECT ADDED ENTRY--TOPICAL TERM
Topical term or geographic name entry element Public Health
9 (RLIN) 337
650 #2 - SUBJECT ADDED ENTRY--TOPICAL TERM
Topical term or geographic name entry element Delivery of health care
650 #2 - SUBJECT ADDED ENTRY--TOPICAL TERM
Topical term or geographic name entry element Health care reform: Europe
650 #7 - SUBJECT ADDED ENTRY--TOPICAL TERM
Topical term or geographic name entry element Nationalekonomi
Source of heading or term albt//swe
650 #7 - SUBJECT ADDED ENTRY--TOPICAL TERM
Topical term or geographic name entry element Europa
Source of heading or term albt//swe
650 #7 - SUBJECT ADDED ENTRY--TOPICAL TERM
Topical term or geographic name entry element Finansiering
Source of heading or term albt//swe
650 #4 - SUBJECT ADDED ENTRY--TOPICAL TERM
Topical term or geographic name entry element Organisationsutveckling
650 #4 - SUBJECT ADDED ENTRY--TOPICAL TERM
Topical term or geographic name entry element Finansiering
653 ## - INDEX TERM--UNCONTROLLED
Uncontrolled term საზოგადოებრივი ჯანდაცვა
700 1# - ADDED ENTRY--PERSONAL NAME
Personal name Saltman, Richard
Relator term unspecifiedContributor
Relationship oth
700 1# - ADDED ENTRY--PERSONAL NAME
Personal name Figueras, Josep
Relator term unspecifiedContributor
Relationship oth
830 #0 - SERIES ADDED ENTRY--UNIFORM TITLE
Uniform title WHO regional publications
Name of part/section of a work European series,
International Standard Serial Number 0378-2255 ;
Volume/sequential designation 72
887 ## - NON-MARC INFORMATION FIELD
Content of non-MARC field {"@id":"xf734tz80qh34sz","modified":"2010-08-03T14:13:54+02:00","checksum":"58572726628"}
Source of data librisxl
887 ## - NON-MARC INFORMATION FIELD
Content of non-MARC field {"@id":"15bj86g65vcx95g","modified":"2003-01-31T14:56:44+01:00","checksum":"42876237832"}
Source of data librisxl
887 ## - NON-MARC INFORMATION FIELD
Content of non-MARC field {"@id":"26ck97h7346pzvq","modified":"2018-06-05T11:45:45.678+02:00","checksum":"37115766883"}
Source of data librisxl
887 ## - NON-MARC INFORMATION FIELD
Content of non-MARC field {"@id":"z38g64d40d15c5b","modified":"2017-02-13T12:58:52+01:00","checksum":"38891543128"}
Source of data librisxl
887 ## - NON-MARC INFORMATION FIELD
Content of non-MARC field {"@id":"37dlb8j80k34b07","modified":"2017-04-05T16:28:16+02:00","checksum":"59431824225"}
Source of data librisxl
887 ## - NON-MARC INFORMATION FIELD
Content of non-MARC field {"@id":"59gndblb0bc7lz6","modified":"2018-06-05T11:45:45.686+02:00","checksum":"41646836384"}
Source of data librisxl
887 ## - NON-MARC INFORMATION FIELD
Content of non-MARC field {"@id":"7cjqgdnd55c1184","modified":"2018-06-05T11:45:45.69+02:00","checksum":"41005259290"}
Source of data librisxl
942 ## - ADDED ENTRY ELEMENTS (KOHA)
Source of classification or shelving scheme
Koha item type Books
Holdings
Withdrawn status Lost status Source of classification or shelving scheme Damaged status Not for loan Permanent location Current location Date acquired Inventory number Total Checkouts Full call number Barcode Date last seen Price effective from Koha item type
          Ken Walker International University Ken Walker International University 12/28/2020 2320   614 S-17 2320 12/28/2020 12/28/2020 Books

Powered by Koha